[Event "Reggio Emilia 53rd"]
[Site "Reggio Emilia"]
[Date "2010.12.29"]
[Round "2"]
[White "Short, Nigel D"]
[Black "Morozevich, Alexander"]
[Result "1-0"]
[WhiteElo "2680"]
[BlackElo "2700"]
[Annotator "Ftacnik,L"]
[PlyCount "87"]
[EventDate "2010.12.28"]
[EventType "tourn"]
[EventRounds "9"]
[EventCountry "ITA"]
[EventCategory "18"]
[SourceTitle "CBM 140"]
[Source "ChessBase"]
[SourceDate "2011.01.18"]
[SourceVersion "1"]
[SourceVersionDate "2011.01.18"]
[SourceQuality "1"]

1. e4 e6 2. d4 d5 3. Nc3 Nf6 4. e5 Nfd7 5. f4 c5 6. dxc5 Nc6 7. a3 {White's
plan in this line is probably dubious as he runs the risk of falling behind in
developement.} Bxc5 8. Qg4 O-O 9. Bd3 (9. Nf3 f5 10. Qh3 d4 11. Ng5 h6 12. Nxe6
Qa5 13. Bc4 dxc3 14. Nxc5+ Kh8 15. b4 Nxb4 16. Nb3 Nxc2+ 17. Kd1 Qa4 18. Kxc2
Qxc4 19. Qxc3 Qe4+ 20. Qd3 Qxg2+ 21. Bd2 Nb6 $17 {0-1 Ovetchkin,R (2539)
-Nepomniachtchi,I (2520)/playchess.com INT 2006/ (29)}) 9... Qe7 {It is pretty
surprising to find out that most of the games with this line were played about
100 years ago! Too many players have tried to tame White's initiative with the
9...f5 move.} (9... Re8 10. Nf3 f6 11. Rf1 Nf8 12. h4 a6 13. Bd2 b5 14. Ne2 f5
15. Qh5 Qe7 16. g4 g6 17. Qg5 Qxg5 18. hxg5 fxg4 19. Nh2 Kf7 20. Nxg4 Be7 21.
Rh1 $16 {1-0 Maroczy,G-Loman,R/Hastings 1895/ (44)}) (9... f5 10. Qh3 h6 (10...
Qb6 11. Nf3 Bf2+ 12. Ke2 Nd4+ 13. Nxd4 Bxd4 14. g4 Nc5 15. gxf5 Nxd3 16. cxd3
Rxf5 17. Qg3 Bd7 18. Bd2 Be8 19. Rhc1 Bh5+ 20. Ke1 Raf8 21. Nd1 Bxe5 22. Be3 d4
23. fxe5 Rf1+ 24. Kd2 Bxd1 25. Bxd4 Qxd4 {0-1 Liebenstein,H-Smith,S/Hannover
1902/}) (10... a6 11. Nf3 Nd4 (11... Be7 12. g4 Nc5 13. gxf5 Nxd3+ 14. cxd3
Rxf5 15. Rg1 Bd7 16. Ne2 Qb6 17. d4 Rf7 18. Kf2 Kh8 19. Be3 Rg8 20. Ng5 Bxg5
21. Rxg5 g6 $17 {1-0 Johner,P-Gattie,W/Ostend 1906/ (42)}) 12. Nxd4 (12. g4
Nxf3+ 13. Qxf3 Qh4+ 14. Qg3 Qxg4 15. Bd2 Qxg3+ 16. hxg3 g6 17. O-O-O Rf7 18.
Rh6 Bf8 19. Rh2 Nc5 20. Bf1 b5 $17 {1/2-1/2 Omeliansky,V-Romanovsky,A/St
Petersburg 1905/ (49)}) 12... Bxd4 13. Ne2 Ba7 14. b4 a5 15. Bd2 axb4 16. axb4
Qb6 17. g4 Nb8 18. gxf5 exf5 19. Qe3 Na6 20. Qxb6 Bxb6 21. b5 Nc7 22. Rxa8 Nxa8
23. Bb4 $16 {1-0 Levitsky,S-Blumenfeld,B/St Petersburg 1905/ (65)}) (10... Bb6
11. g4 Nc5 12. gxf5 Nxd3+ 13. Qxd3 Rxf5 14. Nf3 a6 15. Ne2 h6 16. Be3 Bxe3 17.
Qxe3 Rf7 18. Rg1 Ne7 19. Nfd4 Nf5 20. Nxf5 Rxf5 21. O-O-O $16 {1-0 Tartakower,
S-Johner,P/Nuremberg 1906/ (29)}) (10... Be7 11. b4 g5 (11... Ndxe5 12. fxe5
Nxe5 13. Nge2 Ng4 14. Nf4 Bh4+ 15. g3 Bf6 16. Bb2 Bxc3+ 17. Bxc3 e5 18. O-O-O
exf4 19. gxf4 Qc7 20. Kb2 Qxf4 21. Rhg1 Be6 $15 {1/2-1/2 Grondin,J (2261)
-Linskiy,O (2412)/Quebec 2001/ (34)}) 12. Qh6 Kh8 13. Nf3 g4 14. Nd2 Rg8 15.
Bb2 Rg6 16. Qh5 Kg7 17. Bxf5 exf5 18. Nxd5 Nf8 19. Ne3 Nd4 20. e6 Bxe6 $17 {
0-1 Bonch Osmolovsky,M-Aronin,L/Moscow 1949/ (36)}) (10... Bxg1 11. Rxg1 Qb6
12. Rf1 Nc5 13. b4 Nxd3+ 14. Qxd3 Bd7 15. Be3 d4 16. Bf2 Rac8 17. b5 Ne7 18.
Bxd4 Qa5 19. Kf2 $16 {1/2-1/2 Lehmann,H-Jimeno,A/Tarragona 1960/ (69)}) 11. g4
Nd4 12. Nge2 Qh4+ 13. Qxh4 Nf3+ 14. Kf1 Nxh4 15. gxf5 Nxf5 16. Bxf5 Rxf5 17.
Na4 Be7 18. Nd4 Rf7 19. Ke2 Nf8 20. Rg1 b6 $11 {0-1 Schallopp,E-Maroczy,G/
Nuremberg 1896/ (34)}) 10. Bd2 f6 $1 {The opening of the centre comes at a
precarious moment for Short; his pieces are not well prepared for the
confrontation.} 11. Qh4 (11. exf6 Nxf6 12. Qh4 h6 13. Nf3 e5) 11... h6 12. exf6
(12. Nf3 fxe5 13. Qxe7 Bxe7 14. fxe5 Ndxe5 $17) 12... Nxf6 13. O-O-O (13. Nf3
e5 14. fxe5 Nxe5 15. Nxe5 (15. O-O-O Nxd3+ 16. cxd3) 15... Qxe5+ 16. Kd1 Bf5
17. Re1 Ne4 18. Nxe4 dxe4 19. Bxe4 Qxb2 $19) 13... e5 14. fxe5 Nxe5 15. Nf3 (
15. Be2 d4 16. Nb5 Bg4 17. Bxg4 Nexg4 $17) 15... Nxd3+ 16. cxd3 b5 $5 {The
first independent move in the game! Morozevich is trying to improve on the old
game with 16...Be3, but also on the natural looking move 16...Bf5.} (16... Be3
17. Rhe1 Bxd2+ 18. Rxd2 Qd6 19. Rde2 Bd7 20. Qd4 a6 21. Re5 Rac8 22. Kb1 Qc6
23. Rxd5 Nxd5 24. Nxd5 Qc2+ 25. Ka2 $16 {1-0 Spielmann,R-Alapin,S/Munich 1909/
(28)}) (16... Bf5 17. Rhe1 Qd8 (17... Qd6 18. b4 Bb6 19. Qf4 Qxf4 20. Bxf4 Rad8
$15) 18. Be3 Bxe3+ 19. Rxe3 Ng4 20. Qxd8 Raxd8 21. Re2 $15) 17. Rhe1 (17. Nxb5
$2 Qb7 18. Nbd4 Bg4 $17) 17... Qb7 18. Be3 (18. Qg3 a5 19. Bxh6 Ng4 $17) 18...
Bxe3+ 19. Rxe3 a5 $1 {The key move of Black's whole idea. White will bitterly
regret his easy-going idea of 7.a3.} 20. Rde1 (20. a4 bxa4 21. Qxa4 Bd7 22. Qa3
Qb4 $17) 20... b4 21. Re7 Qb6 (21... Bd7 22. axb4 axb4 23. Nd1 Qb5 24. Qd4 Ra4
$17) 22. axb4 axb4 23. Nd1 Bg4 {It is very easy to play the general after the
battle and also with the help of a clever playing program. Objectively
speaking the most cruel punishment for White might have been 23...Qc5+!?} (
23... Qc5+ $5 24. Kd2 (24. Kb1 Bg4 25. Ne3 Rfc8 $19) 24... b3 25. Nc3 Ra2 26.
Kc1 (26. Nxa2 Qc2+ 27. Ke3 Ng4+ 28. Kd4 Rf4+ $19) 26... Bg4 $19) 24. Kd2 b3 25.
Ke2 Ra4 26. Qg3 Nh5 27. Qe5 Rf5 {Morozevich is getting a bit nervous, since
White is still dodging and diving despite his terribly located king in the
centre.} (27... Bxf3+ 28. gxf3 Nf4+ 29. Kd2 Qg6 $1 30. Nf2 Kh7 31. Rb7 Qg2 32.
Kc3 Nxd3 $19) 28. Qc3 Bxf3+ (28... d4 29. Qc8+ Kh7 30. Re4 Nf4+ 31. Kf1 Qb5 32.
Nf2 Bxf3 33. gxf3 Nxd3 $19) 29. gxf3 d4 $2 {Errors are an integral part of the
game, but Black had no need to be so concerned. The transfer of the queen to
g6 would have decided the issue.} (29... Nf4+ 30. Kf1 Qg6 $1 31. Ne3 Rf8 32.
Qxb3 Qh5 $19) 30. Re8+ $2 (30. Qc8+ Rf8 31. Re8 Qf6 32. Rxf8+ Qxf8 33. Qxf8+
Kxf8 34. Kd2 $15) 30... Kh7 31. Qc8 Nf4+ 32. Kf1 Qb5 33. Nf2 Nxd3 $4 {[%mdl
8192] Black will remember his defeat in the game for a long time. Despite all
the small issues his position was still seriously better.} (33... Ra2 34. Rh8+
Kg6 35. Rc1 Ra6 $17) 34. Rh8+ Kg6 35. Qe6+ Kh5 (35... Rf6 36. Qe4+ Qf5 37.
Qxf5+ Rxf5 38. Nxd3 Rxf3+ 39. Ke2 Re3+ 40. Kd2 $16) (35... Kg5 36. Rb8 Qxb8 37.
Nh3+ Kh4 38. Qxf5 $18) 36. Rb8 $1 {A very cold shower indeed, instead of his
mating White it is Black's own king which will suffer that ignominy.} Qe5 (
36... Qxb8 37. Qxf5+ g5 38. Qh3+ Kg6 39. Re6+ $18) (36... Qd5 37. Qxd5 Rxd5 38.
Nxd3 $18) 37. Rxe5 Ra1+ 38. Re1 (38. Ke2 Rxe5+ 39. Qxe5+ Nxe5 40. Rb5 $18)
38... Rxe1+ 39. Qxe1 Nxe1 40. Kxe1 Rxf3 41. Rd8 Re3+ 42. Kf1 Rc3 {Desperation,
but Black had nothing to lose any more.} (42... Kg5 43. Rxd4 $18) 43. bxc3 dxc3
44. Nd3 1-0

[Event "Olympiad-34"]
[Site "Istanbul"]
[Date "2000.10.28"]
[Round "1.2"]
[White "Sendur, Adnan"]
[Black "Kaidanov, Gregory S"]
[Result "0-1"]
[WhiteElo "2335"]
[BlackElo "2624"]
[Annotator "Ftacnik,L"]
[PlyCount "58"]
[EventDate "2000.10.28"]
[EventType "team-swiss"]
[EventRounds "14"]
[EventCountry "TUR"]
[SourceTitle "EXT 2001"]
[Source "ChessBase"]
[SourceDate "2000.11.22"]
[SourceVersion "1"]
[SourceVersionDate "2000.11.22"]
[SourceQuality "1"]
[WhiteTeam "Turkey"]
[BlackTeam "US of America"]
[WhiteTeamCountry "TUR"]
[BlackTeamCountry "USA"]

1. e4 e6 2. d4 d5 3. Nc3 Nf6 4. e5 Nfd7 5. Nce2 c5 6. c3 Nc6 7. f4 Qb6 8. Nf3
f6 9. a3 a5 10. g4 $6 {Even without this weakening move white faces
challenging task of keeping the exposed center intact.} (10. g3 $1 Be7 11. Bh3
Nf8 (11... cxd4 12. cxd4 Ndb8 (12... fxe5 13. fxe5 O-O 14. Nf4 $16) 13. O-O O-O
14. Kh1 Na6 15. Nc3 Nc7 16. Be3 Bd7 17. exf6 Bxf6 18. Na4 Qa7 19. Nc5 Bc8 20.
Rc1 {1-0 Van der Wiel,J-Van Driel,E/Vlissingen/1997/ (28)}) 12. O-O (12. exf6
$6 Bxf6 13. Be3 $13 c4 14. Qd2 Ng6 15. Ne5 Nge7 16. g4 g6 17. Ng3 Qc7 18. a4
Bg7 {0-1 Ivanov,A-Bykhovsky,A/New York/1990/ (56)}) (12. f5 cxd4 13. cxd4 fxe5
14. dxe5 Bc5 15. Nf4 Ne7 16. Ng5 exf5 17. Nxd5 Nxd5 18. Qxd5 Ne6 19. Nf3 O-O
20. Rf1 Kh8 21. Qd3 Nd4 {0-1 Galje,H-Kaminik,A/Graz/1996/ (26)}) 12... a4 13.
exf6 gxf6 14. f5 cxd4 15. cxd4 e5 16. Nc3 Ra5 17. Kh1 e4 18. Nh4 Qxd4 19. Qh5+
Kd8 20. Rd1 Qc4 21. Bf1 Qb3 22. Nxe4 {1-0 Vasiukov,E-Kaminik,A/Bad Wildbad/
1993/ (32)}) 10... Be7 11. Bg2 (11. Bh3 $5 cxd4 12. cxd4 fxe5 13. fxe5 O-O 14.
Rf1 $13) 11... O-O 12. Qd3 (12. Rf1 a4 $1 $15) 12... cxd4 13. cxd4 (13. Nexd4
$2 fxe5 14. Nxc6 bxc6 15. fxe5 Nxe5 16. Nxe5 Qf2+ $19) 13... fxe5 14. fxe5 (14.
dxe5 Nc5 $15) 14... Rxf3 $5 {[%mdl 512] Very logical sacrifice with the main
idea of pawn chain elimination. White pieces are poorly coordinated and the
king is in danger sitting in the center.} 15. Bxf3 (15. Qxf3 Nxd4 16. Nxd4 Qxd4
17. Qf4 Bh4+ 18. Ke2 Qxe5+ $17) 15... Ndxe5 $1 16. dxe5 (16. Qe3 Nxf3+ 17. Qxf3
Bh4+ 18. Kf1 Bd7 $19) 16... Nxe5 17. Qe3 (17. Qc3 d4 $1 18. Nxd4 Qxd4 19. Rf1
Bh4+ 20. Ke2 Qa4 21. Bg2 Bd7 $1 22. Qxe5 Qxg4+ $19) 17... Qxe3 18. Bxe3 Nxf3+
19. Kf2 (19. Kd1 Bd7 20. b3 e5 $17) 19... Ne5 20. Bd4 (20. h3 Nd3+ 21. Kf3 Nxb2
$19) 20... Nxg4+ 21. Kg3 Nh6 {Only rarely can a player claim compensation in
three healthy pawns after the exchange sacrifice. White position is simply
hopeless.} 22. Be5 Nf7 23. Bc7 (23. Bc3 e5 $19) 23... e5 24. b4 Ra6 $1 (24...
axb4 25. axb4 Ra6 26. Rxa6 bxa6 27. Rc1 Bf5 $19) 25. Rhc1 (25. Bxa5 $2 b6 26.
Rhc1 Nd6 $19) 25... Rg6+ 26. Kf2 Bg4 27. bxa5 (27. Bxa5 $2 b6 $19) 27... Ng5 $1
28. Ng3 (28. Bxe5 $2 Re6 $19) 28... Rf6+ 29. Kg1 $6 (29. Ke3 Rf3+ 30. Kd2 Ne6
$19) (29. Kg2 Bh3+ 30. Kg1 Kf7 $19) 29... Nh3+ (29... Nh3+ 30. Kg2 Rf2+ 31. Kh1
Bf3#) 0-1

[Event "Interzonal-15"]
[Site "Manila"]
[Date "1990.??.??"]
[Round "5"]
[White "Georgiev, Kiril"]
[Black "Gurevich, Mikhail"]
[Result "1/2-1/2"]
[WhiteElo "2580"]
[BlackElo "2640"]
[Annotator "Georgiev,Ki"]
[PlyCount "80"]
[EventDate "1990.06.29"]
[EventType "swiss"]
[EventRounds "13"]
[EventCountry "PHI"]
[SourceTitle "CBM 019"]
[Source "ChessBase"]
[SourceDate "1990.12.01"]
[SourceVersion "1"]
[SourceVersionDate "1990.12.01"]
[SourceQuality "1"]

1. e4 e6 2. d4 d5 3. Nc3 Nf6 4. e5 Nfd7 5. f4 c5 6. Nf3 Nc6 7. Be3 cxd4 8. Nxd4
Bc5 9. Qd2 Nxd4 10. Bxd4 Bxd4 11. Qxd4 Qb6 12. Qxb6 Nxb6 13. a4 $5 {/\a4- a5}
a5 14. Nb5 Ke7 15. b3 f6 $1 (15... Bd7 16. Kd2 {/\ Re1, Nd4+/-}) 16. exf6+ (16.
Kd2 fxe5 17. fxe5 Bd7 {><e5}) 16... gxf6 17. Kd2 Bd7 18. Re1 $1 {/\ Nc7-e6}
Bxb5 $1 (18... Rac8 19. g3 {/\ Bh3, Nd4 ><e6}) 19. Bxb5 Nc8 {/\ Nd6, f5, Ne4=/+
} 20. c4 $1 dxc4 $2 (20... Nb6 $1 21. cxd5 (21. c5 Nd7 22. c6 bxc6 23. Bxc6
Rad8 $17) 21... Nxd5 22. g3 Rhd8 23. Kc1 Rac8+ 24. Bc4 $10) 21. Bxc4 Rd8+ 22.
Kc3 Rd6 23. Rd1 $14 Rc6 (23... Rxd1 24. Rxd1 Nb6 25. Re1 Nxc4 26. Kxc4 $16 {
/\ Kb5}) (23... Nb6 24. Rxd6 Kxd6 25. Rd1+ Nd5+ 26. Kd4 $14) 24. Kb2 Nd6 25.
Bd3 Rg8 $1 26. g3 h5 27. Rhg1 $1 Rc5 (27... h4 $6 28. gxh4 Rcc8 29. Rg3 $1 $16)
28. Be2 e5 29. fxe5 (29. Bxh5 exf4 30. Rge1+ Kd7 31. Bf7 Rh8 $10) 29... Rxe5
30. Bf3 b5 31. axb5 Rxb5 32. Rge1+ Kd7 33. Rd4 Rgb8 34. Bd5 $6 (34. Bd1 $5 $14
{><h5}) 34... R8b6 $138 35. Red1 Rb4 36. R1d3 Ke7 37. Re3+ Kd7 38. Be6+ Kd8 39.
Rd5 R4b5 40. Rd4 Rb4 1/2-1/2

[Event "Novgorod"]
[Site "Novgorod"]
[Date "1994.??.??"]
[Round "1"]
[White "Short, Nigel D"]
[Black "Bareev, Evgeny"]
[Result "1/2-1/2"]
[WhiteElo "2665"]
[BlackElo "2675"]
[Annotator "Glatman,V"]
[PlyCount "85"]
[EventDate "1994.08.??"]
[EventType "tourn"]
[EventRounds "10"]
[EventCountry "RUS"]
[EventCategory "19"]
[SourceTitle "CBM 043"]
[Source "ChessBase"]
[SourceDate "1994.12.01"]
[SourceVersion "1"]
[SourceVersionDate "1994.12.01"]
[SourceQuality "1"]

1. e4 e6 2. d4 d5 3. Nc3 Nf6 4. e5 Nfd7 5. f4 c5 6. Nf3 Nc6 7. Be3 Qb6 (7...
cxd4 8. Nxd4 Bc5 9. Qd2 O-O 10. O-O-O a6 11. Kb1 (11. h4 Nxd4 12. Bxd4 b5 13.
Rh3 b4 14. Na4 Bxd4 15. Qxd4 f6 $2 16. Qxb4 fxe5 17. Qd6 Qf6 18. f5 $1 $16 {
Kasparov,G-Short,N/Amsterdam/1994/1:0 (32)}) 11... Nxd4 12. Bxd4 b5 13. Qe3 Qc7
14. Bd3 $14 {Kruppa,Y-Fish,G/Alushta(op)/1994/1:0 (40)}) 8. Na4 Qa5+ 9. c3 c4 (
9... cxd4 10. b4 Nxb4 11. cxb4 Bxb4+ 12. Bd2 Bxd2+ 13. Nxd2 g5 14. Rb1 gxf4 15.
Bb5 Rb8 16. Nc5 $16 {Short,N-Timman,J/Amsterdam/1994/1:0 (31)}) 10. b4 (10. b3
b5) 10... Qc7 (10... cxb3 11. axb3 b5 12. Nc5 Qxc3+ 13. Bd2 Qb2 14. Nd3 $18) (
10... Nxb4 11. cxb4 Bxb4+ 12. Kf2 b5 13. Nb2 O-O 14. Be2 Be7 (14... f6 $5 $13 {
Kholmov}) 15. Qc2 b4 16. h4 f6 17. h5 Nb6 18. g4 $16 {Kholmov,R-Marjasin,B/
Brjansk/1985/1:0 (33)}) 11. Be2 Be7 12. O-O (12. g4 $5 b5 (12... f6 $5 {Bareev}
) 13. Nc5 a5 14. a3 O-O 15. O-O axb4 16. axb4 Rxa1 17. Qxa1 $13 {Kamsky,
G-Bareev,E/Madrid/1994/1/2-1/2/70/}) 12... f5 (12... O-O 13. Qe1 b5 14. Nc5 a5
15. a3 Nxc5 $10 {Chandler,M-Vaganian,R/Leningrad/1987/0:1 (47)}) 13. Nc5 $146 (
13. Bf2 b6 14. Nb2 Nf8 15. Bh4 a5 16. b5 Ng6 17. Bg3 Nd8 18. a4 $10 {Anand,
V-Bareev,E/Linares/1994/0,5 (32)}) (13. Nb2 $1 {Anand}) (13. exf6 $5 Nxf6 (
13... gxf6 14. f5 $16) (13... Bxf6 14. Ne5 $16) 14. Ne5 $14) 13... Nf8 $1 (
13... Nxc5 $2 14. dxc5 O-O 15. g4 fxg4 16. Nd4 Nxd4 17. Bxd4 Bd7 18. Bxg4 $16)
14. Qa4 $6 (14. h3 $142 Ng6 15. g4 O-O 16. Qd2 $13) 14... b6 15. Na6 Qd7 16.
Bd1 (16. b5 Nb8 17. Nxb8 Rxb8 18. Bd1 Ra8 $132) 16... Ng6 17. b5 Nb8 (17... Na5
$13) 18. Nxb8 Rxb8 19. Rb1 O-O 20. Rf2 $2 (20. Qc2 a6 21. a4 Ra8 $10) 20... a6
$1 21. bxa6 Qa7 $1 (21... b5 22. a7) 22. g3 Bd7 23. Qc2 b5 $17 24. h4 Rb6 (
24... Ba3 25. h5 Ne7 26. h6 g6 27. Bc1 Qxa6 28. Ng5 $44) 25. h5 Nh8 26. g4 Rxa6
(26... fxg4 27. Ng5 Bxg5 28. fxg5 Rxf2 29. Bxf2 Nf7 30. Be3 $13) 27. gxf5 (27.
g5 Ra8 28. Ra1 b4 $17) 27... Rxf5 (27... exf5 $6 28. Nh2 Nf7 29. Bf3 $13) 28.
Rg2 $5 Nf7 $1 (28... Rxh5 29. Ng5 Rh6 30. Bg4 $10) 29. Nh2 (29. Ng5 Nh6 $1 $17)
29... b4 $1 30. cxb4 (30. Bg4 Nh6 $1 31. Bxf5 Nxf5 32. Ng4 Ra3 $17) 30... Ba4
31. Qb2 Bxd1 32. Rxd1 Ra4 33. Ng4 Rxb4 (33... Rxh5 $5 34. Nf6+ Bxf6 35. exf6 g6
36. Qc2 Rf5 $17) 34. Qc2 Qb8 (34... Qa3 35. h6 g6 $17) 35. Bc1 Rb1 (35... Qa7
$1) 36. Qa4 Qc8 (36... Rxh5 37. Qd7) 37. Be3 Rxd1+ $2 (37... Rb4 $5) 38. Qxd1
Kh8 39. Rb2 $132 (39. Nh2 $2 Nh6) 39... Qe8 (39... Rxh5 40. Qb1 Qe8 41. Rb8 Nd8
42. Qb6 $132) 40. Bc1 (40. Qb1 $2 Nd8 41. h6 gxh6 $17) 40... h6 (40... Nd8 41.
h6 $1 gxh6 42. Ne3 Rxf4 (42... Rf8 43. f5 $13) 43. Nxd5) 41. Ne3 $1 Rxf4 42.
Nxd5 Re4 43. Nc3 (43. Nxe7 $2 Qxe7 44. Rb8+ Kh7 45. Qc2 Qh4 $19) (43. Nf4 Ng5)
(43. Nc3 Rh4 44. Rh2 Rxh2 45. Kxh2 Bb4 $13) 1/2-1/2

[Event "NED-chT 0001"]
[Site "Netherlands"]
[Date "2001.01.06"]
[Round "3.2"]
[White "Van de Oudeweetering, Arthur"]
[Black "Glek, Igor Vladimirovich"]
[Result "0-1"]
[WhiteElo "2388"]
[BlackElo "2556"]
[Annotator "Glek,I"]
[PlyCount "80"]
[EventDate "2000.11.18"]
[EventType "team-tourn"]
[EventRounds "9"]
[EventCountry "NED"]
[SourceTitle "CBM 080"]
[Source "ChessBase"]
[SourceDate "2001.01.25"]
[SourceVersion "1"]
[SourceVersionDate "2001.01.25"]
[SourceQuality "1"]
[WhiteTeam "Zukertort Amstelveen"]
[BlackTeam "Magnus/BSG Bussum"]
[WhiteTeamCountry "NED"]
[BlackTeamCountry "NED"]

1. e4 e6 2. d4 d5 3. Nc3 Nf6 4. e5 Nfd7 5. Nf3 c5 6. Bb5 a6 7. Bxd7+ Bxd7 8.
Be3 cxd4 (8... Nc6 $6 9. dxc5 $1 Qc7 10. O-O Nxe5 $6 (10... Be7 11. Re1 O-O $14
) 11. Re1 f6 (11... Nxf3+ 12. Qxf3 Bc6 13. Bd4 Qd7 14. Qh3 h5 15. b4 Rh6 16. f4
$16 {Chikovani,Y-Lputian,S/URS/1978/1:0/34/}) 12. b4 $16 {Gurgenidze,
B-Grigorian,K/Gori 1968}) (8... Qb6 $5 9. Qd2 Nc6 10. dxc5 Bxc5 11. Na4 Bxe3
12. Nxb6 Bxd2+ 13. Kxd2 Rd8 14. Rhe1 Ke7 15. c3 f6 16. exf6+ Kxf6 17. Re3 Be8
18. Rae1 Bf7 19. Nd4 Nxd4 20. cxd4 $14 Rd6 21. Rb3 g5 22. Rc1 e5 23. Rc7 Be6
24. Na4 exd4 25. Rbxb7 Bf5 26. Nc5 Re8 27. Rf7+ Ke5 28. Rfe7+ Rxe7 29. Rxe7+
Kf4 30. Ra7 Rc6 31. b4 Rh6 32. h3 g4 33. hxg4 Kxg4 34. Rg7+ Bg6 35. Nxa6 Rh2
36. b5 Rxg2 37. b6 Rxf2+ 38. Ke1 Rb2 {1/2-1/2 Gurgenidze,B-Kupreichik,V/
Sverdlovsk 1984}) (8... Qc7 9. dxc5 Bxc5 10. Bxc5 Qxc5 11. O-O Nc6 12. Re1 O-O
13. Na4 Qa5 14. b3 Rfd8 15. Nb2 Qc3 16. Na4 Qa5 17. Nb2 Qc3 18. Na4 {1/2-1/2
Gurgenidze,B-Gurevich,M/Tbilisi 1987}) 9. Qxd4 Nc6 10. Qf4 f6 $1 $146 (10...
Be7 11. Qg3 g6 12. O-O Na5 13. Bh6 $16 {Mortensen,E-Manninen,M/Reykjavik zt/
1995/1:0/36/}) 11. O-O (11. exf6 Qxf6 (11... gxf6 $5) 12. Qc7 Rc8 (12... Bb4
13. O-O Bc8) 13. Qb6 (13. Qxb7 Rb8 14. Qxa6 Rxb2 15. Ne2 Bb4+ 16. Kf1 Rxc2)
13... Bd6 (13... Bb4 14. O-O Bxc3 15. bxc3 Qxc3 16. Qxb7 e5 17. Rfe1 $36))
11... Bb4 $1 (11... fxe5 12. Nxe5 Qf6 13. Nxd7 Qxf4 14. Bxf4 Kxd7 15. Rad1 $14)
12. Qg4 (12. Qg3 $142 O-O 13. a3 Bxc3 (13... Ba5 14. Bc5) 14. bxc3 fxe5 15.
Nxe5 Nxe5 16. Qxe5 $11) 12... Qe7 (12... O-O $2 13. exf6 Qxf6 14. Nxd5 $1) 13.
Rfe1 (13. exf6 gxf6 $5 (13... Qxf6)) 13... O-O 14. exf6 Qxf6 15. Bd2 (15. Nxd5
$5 $15) 15... Qf7 16. Qg3 Rac8 $1 (16... e5 $5) 17. Rad1 Ba5 $1 18. Be3 Bc7 $15
19. Qh4 Qg6 20. Nd4 (20. Qh3 $142 Rcd8 (20... Rf7 21. Nh4 Qf6 (21... Qh5 22. g4
Qe5 23. f4 Qf6 24. g5 Qd8 25. g6 Rf6 26. gxh7+))) 20... e5 21. Nxc6 bxc6 22.
Qg5 Qxc2 $19 23. Rd2 Qf5 24. Qxf5 Rxf5 25. Bc5 Rb8 26. b4 Rf4 27. Ne4 Be8 28.
Ng3 Bg6 29. h3 Rc4 30. Nf1 h5 31. Ne3 Rxc5 32. bxc5 Ba5 33. Ree2 Bxd2 34. Rxd2
Rb5 35. g4 Rxc5 36. gxh5 Bxh5 37. Nf5 Kf7 38. Rb2 Kf6 39. Ne3 d4 40. Nf1 Rc1
0-1

[Event "Biel SKA"]
[Site "Biel"]
[Date "1996.07.30"]
[Round "8"]
[White "Lautier, Joel"]
[Black "Glek, Igor Vladimirovich"]
[Result "1/2-1/2"]
[WhiteElo "2620"]
[BlackElo "2670"]
[Annotator "Glek,I"]
[PlyCount "67"]
[EventDate "1996.07.22"]
[EventType "tourn"]
[EventRounds "11"]
[EventCountry "SUI"]
[EventCategory "16"]
[SourceTitle "CBM 055"]
[Source "ChessBase"]
[SourceDate "1996.12.01"]
[SourceVersion "1"]
[SourceVersionDate "1996.12.01"]
[SourceQuality "1"]

1. e4 e6 2. d4 d5 3. Nc3 Nf6 4. e5 Nfd7 5. f4 c5 6. Nf3 Nc6 7. Be3 a6 8. Qd2 b5
9. dxc5 (9. Bd3 b4 10. Nd1 c4 11. Be2 h5 12. O-O Be7 $13 {Shirov-Glek 
(Bundesliga 1995/96)}) (9. a3 Bb7 10. Be2 cxd4 11. Nxd4 Bc5 12. O-O Qb6 13.
Rad1 Rc8 $10 {Kolev,A-Glek (Linares 1996)}) 9... Bxc5 10. Bxc5 Nxc5 11. Qf2 Qb6
12. Bd3 b4 (12... Rb8 13. O-O Na4 $14) 13. Ne2 a5 14. O-O Ba6 15. b3 $146 (15.
Rad1 Na4) (15. Rfd1 O-O (15... Na4 $6 16. Qxb6 Nxb6 17. b3 {/\ 18.a3}) 16. Ned4
Rfc8 17. Nb3 Na4 $10 {Kuczynski-Glek (Bundesliga 1994/95)}) (15. Kh1 Ne7 $1 (
15... O-O $140 $2 16. Bxh7+) 16. Rad1 (16. Rfd1 h6 17. Ned4 O-O 18. Qh4 $6 (18.
Nb3 $142 $10) 18... Ra7 19. g4 $2 Ng6 $17 {Mainka,R-Glek (Recklinghausen 1995)}
) (16. b3 h6 17. Ng3 g6 18. Qd2 $6 (18. Ne2 $142) 18... Nf5 $1 19. Nxf5 gxf5
$17 {Renet-Glek (Clichy 1995)}) (16. Ng3 g6 17. Ne2 Rb8 (17... Na4 $10) 18.
Bxa6 Nxa6 19. Ned4 Nc5 20. Qh4 Ne4 21. Rad1 {Lutz-Glek (Bundesliga 1996)} Nf5
$13 (21... Rc8 $13)) 16... Na4 17. Qxb6 Nxb6 18. Ned4 Na4 $10 {Nunn-Glek 
(Bundesliga 1992/93, "Schach" 2/93, S.54)}) 15... O-O 16. Kh1 Rfb8 $1 17. Rad1
(17. Bxh7+ Kxh7 18. Qh4+ Kg8 19. Ng5 Ne4 $1 (19... Bxe2 $6 20. f5 $1)) 17...
Ne4 18. Qh4 h6 (18... Qe3 $5 19. Neg1 $1 $13) 19. f5 $5 exf5 20. Nf4 Qd8 (20...
Nc3 $6 21. Rde1 Re8 22. Qg3 $40) 21. Qh5 Ne7 22. Nd4 (22. e6 Qe8 $1) 22... g6
$1 23. Qxh6 Qf8 $1 24. Qh3 Qg7 $1 25. e6 $5 (25. Bxa6 Rxa6 26. e6 Rbb6 27.
exf7+ Qxf7) 25... Qxd4 $1 26. Bxe4 $6 (26. exf7+ $1 Kxf7 27. Bxe4 Qxe4 (27...
Rh8 28. Qg3 $1 Qxe4 29. Rfe1) (27... Qh8 $1 28. Qxh8 Rxh8 29. Bd3 Bxd3 30. Rxd3
Rhc8 $10) 28. Rfe1 $1 Qxf4 (28... Rh8 29. Qg3 Qxc2 30. Rc1 {/\ 31.Rc7+-}) 29.
Qh7+ $18) 26... Qxe4 $1 (26... Qh8 27. Nxd5 $1) 27. exf7+ Kg7 $1 (27... Kxf7 $2
28. Rfe1 $1 Rh8 29. Qg3 Qxc2 30. Rc1 {/\ Rc1-c7+-}) 28. Rde1 (28. Rfe1 $2 Qxf4
29. Rxe7 Rf8 $19) 28... Bxf1 29. Rxe4 (29. Ne6+ Kf6 $1 (29... Kxf7 $6 30. Ng5+)
30. Rxe4 dxe4 $19) 29... dxe4 30. Qh4 Kxf7 31. Qh7+ Kf6 32. Qh4+ Kf7 $138 33.
Qh7+ Kf6 34. Qh4+ (34. Qh4+ Ke5 $1 35. Qg3 $5 Bxg2+ $5 (35... Ba6 $140 $2 36.
Nxg6+ Ke6 37. Qe5+) (35... Rd8 $5) 36. Kxg2 Rg8 $5 $17) 1/2-1/2